000 00222 a2200097 4500
001 48707
100 _aMacko, Stanley, J
245 _aSatellite tracking
260 _aNew York
_bJohn F rider pub
_c
090 _c31620
_d31620
942 _aNUST-CAE
_cM
_c24026
999 _c283780
_d283780